000 01026njm a22002657a 4500
005 20100913100347.0
007 sd ammalaaahaa
008 100913t xxu||||| |||| 00| 0 hin d
028 _a2393 898
_bMusic India
035 _aGR-03635
040 _aSED/VEN
100 _919606
_aJalota, Anup
245 _aBhajan Aarti Part.1 & 2 /
_h[sound recording] :
_cby Anup Jalota
246 _aभजन आरती (अनूप जलोटा )
260 _aDum Dum, India
_bMusic India
_c1983
300 _a1 sound disc [Gramophone record] :
_banalog, 33.1/3 rpm
_c12 in. (LP)
_fGramophone record
500 _aBrief record.
500 _aMusic India
500 _aOff White
505 _aPart. 1 Hari bolo hari bolo (Anup Jalota) हरि बोलो हरि बोलो, Part 2 Tere man men ram तेरे मन में राम
650 _aBhajans
_xExcerpts
_zIndia
_919607
700 _920331
942 _2ddc
_cGR
999 _c47045
_d47045